1625 1164 1703 1693 1377 1193 1900 1722 1757 1920 1686 1565 1566 1278 1204 1360 1318 1005 1098 1617 1538 1507 1929 1284 1024 1567 1962 1807 1038 1724 1609 1071 1608 1949 1776 1181 1376 1752 1918 1990 1239 1653 1690 1728 1544 1971 1535 1080 1119 1850 1594 1209 1720 1273 1996 1580 1820 1435 1692 1237 1614 1389 1250 1292 1498 1265 1173 1061 1434 1532 1598 1665 1345 1928 1262 1273 1373 1025 1131 1993 1460 1722 1732 1528 1117 1596 1171 1132 1360 1554 1224 1499 1489 1220 1842 1251 1471 1936 1755 BCNSPRNW ULIB Ver.6.0+V

เปลี่ยนเป็นภาษาไทย

Change to English
 แสดงรายละเอียดบรรณานุกรม
  กลับหน้าหลัก

Brief Record : Get Marc (ISO 2709) : E-mail record : QR code < ปิดหน้าต่าง
LEADER : 00000nam 2200000uu 4500
001    13399111835
003     ULIB
008    110627s2551||||th 000 0 tha d
020    9789742361464
090    นว.^bอ523ล 2551
100 0  อัญชรีย์
245 00 เล่ห์ปรายรัก/^cอัญชรีย์
250    พิมพ์ครั้งที่ 2
260    กรุงเทพฯ :^bแจ่มใส,^c2551
300    395 หน้า
945    ^p239^l0^i024480
995    ทศพร
999 ^a ใช้งานได้ทุกระบบ
รายการนี้ยังไม่มีแท็ก
คุณยังไม่ได้ล็อกอิน คุณสามารถมีกิจกรรมร่วมกับเว็บไซต์ได้ แต่ต้องล็อกอินก่อน ::
  ล็อกอิน

รายการสื่อสารสนเทศ

ลำดับที่ ประเภท เลขเรียก/บาร์โค้ด สถานที่ สถานะ
- ไม่พบข้อมูล -

รายการใกล้เคียง
    ผู้แต่ง [อัญชรีย์]

BibComment


ยังไม่เคยถูกคอมเมนท์

คอมเมนท์ทรัพยากรรายการนี้
  คอมเมนท์: เล่ห์ปรายรัก อัญช..


 Copyright 2026. Bcnsprnw @Library